|
书名:
|
中国现代茶具图鉴
|
|
|
作者:
|
|
|
出版信息:
|
北京
中国轻工业出版社
2007
|
|
开本页数:
|
24cm 
173页
|
|
丛书名:
|
品茶馆
|
|
单 册:
|
|
|
中图分类:
|
TS97
|
|
科图分类:
|
|
|
主题词:
|
茶具--文化--中国
|
|
电子资源:
|
|
|
ISBN:
|
7-5019-5685-5
|
|
000
|
00826oam2 2200265 450
|
|
001
|
3864
|
|
005
|
20061228103056.0
|
|
010
|
|
@a7-5019-5685-5@dCNY48.00
|
|
100
|
|
@a20061221d2007 em y0chiy0110 ea
|
|
101
|
0
|
@achi
|
|
102
|
|
@aCN@b110000
|
|
105
|
|
@aa z 000yy
|
|
106
|
|
@ar
|
|
200
|
1
|
@a中国现代茶具图鉴@Azhong guo xian dai cha ju tu jian@dModern tea service@zeng
|
|
210
|
|
@a北京@c中国轻工业出版社@d2007
|
|
215
|
|
@a173页@d24cm
|
|
225
|
2
|
@a品茶馆
|
|
300
|
|
@a读图时代
|
|
330
|
|
@a本书通过600余幅图片和文字介绍了茶具的发展简史、现代茶具的种类及工艺特点、现代茶具器形鉴赏、现代经典茶具鉴赏、现代茶具组合鉴赏和现代名画中的茶具欣赏。
|
|
461
|
0
|
@12001 @a品茶馆
|
|
510
|
1
|
@aModern tea service@zeng
|
|
606
|
0
|
@a茶具@x文化@y中国
|
|
690
|
|
@aTS97@v4
|
|
801
|
0
|
@aCN@bZL@c20061221
|
|
905
|
|
@dTS97@e144
|
|
|
|
|
| |
| 中国现代茶具图鉴=Modern tea service.-北京:中国轻工业出版社,2007 |
| 173页;24cm.-(品茶馆) |
| 读图时代 |
| |
| ISBN 7-5019-5685-5:CNY48.00 |
| 本书通过600余幅图片和文字介绍了茶具的发展简史、现代茶具的种类及工艺特点、现代茶具器形鉴赏、现代经典茶具鉴赏、现代茶具组合鉴赏和现代名画中的茶具欣赏。 |
| ● |
正题名:中国现代茶具图鉴
索取号:TS97/144
 
预约/预借
| 序号
|
登录号
|
条形码
|
馆藏地/架位号
|
状态
|
备注
|
|
1
|
341836
|
300341836
|
海科密-1楼/53架11列7层/
[索取号:TS97/144]
|
在馆
|
|
|
2
|
341837
|
300341837
|
海科密-1楼/53架11列7层/
[索取号:TS97/144]
|
在馆
|
|
|
3
|
341838
|
300341838
|
海科密-1楼/53架11列7层/
[索取号:TS97/144]
|
在馆
|
|
|
4
|
341839
|
300341839
|
海科密-1楼/53架11列7层/
[索取号:TS97/144]
|
在馆
|
|
|
5
|
341840
|
300341840
|
海科密-1楼/53架11列7层/
[索取号:TS97/144]
|
在馆
|
|
|
6
|
341841
|
300341841
|
海科密-1楼/53架11列7层/
[索取号:TS97/144]
|
在馆
|
|
|
7
|
341842
|
300341842
|
海科密-1楼/53架11列7层/
[索取号:TS97/144]
|
在馆
|
|
|
8
|
341843
|
300341843
|
海科密-1楼/53架11列7层/
[索取号:TS97/144]
|
在馆
|
|
|
9
|
341844
|
300341844
|
海科密-1楼/53架11列7层/
[索取号:TS97/144]
|
在馆
|
|
|
10
|
341845
|
300341845
|
海科密-1楼/53架11列7层/
[索取号:TS97/144]
|
在馆
|
|